000 00578nam a2200205Ia 4500
005 20250923145619.0
008 008 250917s9999 xx 000 0 eng d
037 _aTextual
040 _aDSWL
_beng
_cDSWL
041 _aeng
_2eng
084 _aY15:1:7.2, N83
_qDSWL
100 _aUsha Rao, N.J.
_9837186
245 0 _aWomen in a developing society
_c by N.J. Usha Rao
260 _aNew Delhi
_bDelhi Ashish
_c1982
300 _avi,180 p.
365 _aINR
_b58.50
925 _g58.50
942 _cTEXL
_hY15:1:7.2, N83
999 _c1453481
_d1453481